Ecología de la información: por qué la tecnología no es suficiente para lograr el éxito en la era de la información
محفوظ في:
| المؤلفون الرئيسيون: | , |
|---|---|
| التنسيق: | كتاب |
| اللغة: | الإسبانية |
| منشور في: |
Ciudad de México
Oxford University
1999
|
| الطبعة: | 1a. ed |
| الموضوعات: | |
| الوسوم: |
إضافة وسم
لا توجد وسوم, كن أول من يضع وسما على هذه التسجيلة!
|
MARC
| LEADER | 00000nam a2200000 a 4500 | ||
|---|---|---|---|
| 001 | UCL7615 | ||
| 003 | CL-VaPUC | ||
| 008 | 040528e19990000MX |||||||||||||||||spa|d | ||
| 020 | |a 9706134484 | ||
| 082 | 0 | 4 | |a 658.4038 |b DAV |2 21 |
| 100 | 0 | |a Davenport, Thomas H |e author |9 485426 | |
| 700 | 0 | |a Prusak, Laurence |e author |9 485427 | |
| 245 | 1 | 0 | |a Ecología de la información: por qué la tecnología no es suficiente para lograr el éxito en la era de la información |
| 250 | |a 1a. ed | ||
| 300 | |a 296 p | ||
| 942 | |c BK | ||
| 945 | |d 20040528 00:00:00 |a cmena | ||
| 260 | |a Ciudad de México |b Oxford University |c 1999 | ||
| 650 | 0 | |a Toma de decisiones |9 257530 | |
| 650 | 0 | |a Comunicación |9 257251 | |
| 650 | 0 | |a Gestión de la información |9 362327 | |
| 650 | 0 | |a Administración del personal |9 260442 | |
| 583 | |a last modification |c 20040528 00:00:00 |k Rodrigo Vera | ||
| 999 | |c 309247 |d 309245 | ||
| 952 | |0 0 |1 0 |4 0 |6 658_403800000000000_DAV_1999 |7 0 |8 A |9 376616 |a BIBING |b BIBING |d 2019-11-21 |i 4019431 |o 658.4038 DAV 1999 |p 4019431 |r 2025-01-20 |w 2019-11-21 |y BK |k EII | ||
| 952 | |0 0 |1 0 |4 0 |6 658_403800000000000_DAV_1999 |7 0 |8 A |9 376617 |a BIBING |b BIBING |d 2019-11-21 |i 4019423 |l 1 |m 1 |o 658.4038 DAV 1999 |p 4019423 |r 2025-01-20 |s 2024-08-27 |w 2019-11-21 |y BK |k EII | ||